000 00633nam a2200205 4500
003 OSt
005 20140917182924.0
008 140917b xxu||||| |||| 00| 0 eng d
020 _a185649697
040 _c040a
082 _219
_a613
_bASH 1998
100 _aAshton, John
_91166
245 _aThe perils of progress :
_bThe health and environmental hazards of modern technology and what you can do about them /
_cJohn Ashton, Ron Laura
260 _aLondon
_bZed books ltd
_c1998
300 _axiii, 346p ;
_bill :
_c8 cm.
504 _aincludes index
650 _aTechnology
_91144
700 _aLaura, Ron
_91167
942 _2ddc
_cSLOAN
999 _c441
_d441